| 000 | 00000nam##2200000za#4500 |
| 001 | 9.607854 |
| 003 | CaOODSP |
| 005 | 20240612102649 |
| 007 | cr ||||||||||| |
| 008 | 150406|1998||||xxc|||||o f|0| 0 fre|d |
| 040 | |aCaOODSP|bfre |
| 043 | |an-cn--- |
| 086 | 1 |aRv55-5/11-12-1-1998F-PDF |
| 110 | 2 |aAgence des services frontaliers du Canada. |
| 245 | 10|aMéthodes de laboratoire harmonisées de l'ALENA |h[ressource électronique] |
| 260 | |aOttawa - Ontario : |bAgence des services frontaliers du Canada |
| 300 | |a11p.|btableaux |
| 490 | 1 |aMémorandums D des douanes. D11, Renseignements généraux sur le tarif |vD11-12-1, le 12 février 1998 |
| 590 | |a14-17-Supp|b2014-10-09 |
| 775 | 08|tNAFTA Harmonized Laboratory Methods |w(CaOODSP)9.580951 |
| 830 | #0|aMémorandums D des douanes. D11, Renseignements généraux sur le tarif ;|vD11-12-1, le 12 février 1998|w(CaOODSP)9.816826 |
| 856 | 40|ahttp://publications.gc.ca|qPDF|s37 Ko|uhttps://publications.gc.ca/collections/collection_2014/asfc-cbsa/Rv55-5-11-12-1-1998-fra.pdf|yD11-12-1, le 12 février 1998 |